The one minute manager : builds high performing teams

Bibliographic Details
Main Author: Blanchard, Ken
Other Authors: Donald Carew, Eunice Parisi-Carew
Format: Book
Published: New York : William Morrow and Company , 1985
Subjects:

MARC

LEADER 00000cam a2200000 7i4500
001 0000017165
005 20080512.0
008 080512
020 |a 0688172156 
090 0 0 |a 658.3   |b BLA 
100 0 |a Blanchard, Ken 
245 1 0 |a The one minute manager :   |b builds high performing teams   |c Ken Blanchard, Donald Carew & Eunice Parisi-Carew 
260 |a New York :   |b William Morrow and Company ,   |c 1985 
650 0 |a Employee motivation 
650 0 |a Leadership 
650 0 |a Personal management 
700 1 |a Donald Carew 
700 1 |a Eunice Parisi-Carew 
999 |a 0001015262   |b Book   |c Adult Collection   |e Perbadanan Perpustakaan Awam Johor 
999 |a 0001047772   |b Book   |c Adult Collection   |e Cawangan Urban Transformation Centre 
999 |a 0001047773   |b Book   |c Adult Collection   |e Cawangan Urban Transformation Centre